Statistiken für Länder, die mit E enden

Klicken Sie hier um das Quiz zu spielen!

Allgemein

  • Dieses Quiz wurde 148 mal gespielt
  • Das Durchschnittsergebnis liegt bei 4 aus 11

Antwortstatistiken

Land% Korrekt
Belize
67%
Chile
55%
Niederlande
48%
Suriname
39%
Vereinigte Arabische Emirate
38%
Elfenbeinküste
31%
Kap Verde
27%
Ukraine
27%
Sao Tome und Principe
25%
Simbabwe
23%
Sierra Leone
18%

Verteilung der Resultate

Perzentil nach korrekt beantworteten Fragen

Anzahl Personen mit jedem Resultat

Ihre Resultats-Entwicklung

Sie haben dieses Quiz noch nicht gespielt